000 00667nam a2200193 4500
001 110192
003 ES-MaACL
005 20230906185008.0
007 t|
008 061121s1988 nq r ||||1| spa d
100 1 _aMolero, María.
_981855
245 1 0 _aNicaragua sandinista
_b: del sueño a la realidad (1979-1988) /
_cMaría Molero.
260 _aManagua :
_bCoordinadora Regional de Investigaciones Económicas y Sociales (CRIES) ;
_aMadrid :
_bIEPALA,
_c[1988]
300 _a299 p. ;
_c20 cm.
651 4 _aNicaragua-
_xPolítica y gobierno-
_y1979-1990.
_99121
710 2 _aIEPALA.
_9176798
852 _aES-MaACL
_jL-13008
_bR.116358
999 _c110192
_d110192